000 02543nam0a2200361 4500
001 RU\NLR\BIBL_A\012062031
005 20190807132545.0
010 _a978-5-7890-1667-1
_9500
021 _aRU
_bКН-П-19-047354
_9КН-П-19-3453
035 _a(NLR Aleph) 012062031
035 _a(RuMoRGB)010022458
090 _a11710292
_c11710292
100 _a20190723d2018 k y0rusy50 ca
101 0 _arus
102 _aRU
105 _ay z 100z
200 1 _aПроблемы и тенденции развития экономики и менеджмента
_eсборник статей по материалам Международной научно-практической конференции (Ростов-на-Дону, 2 ноября 2018 г.)
_fМинистерство науки и высшего образования Российской Федерации, Федеральное государственное бюджетное образовательное учреждение высшего образования "Донской государственный технический университет"
_g[редакционная коллегия: доктор экономических наук, доцент: К. А. Бармута и др.]
210 _aРостов-на-Дону
_cДГТУ
_d2018
215 _a218 с.
_cил., табл.
_d21
320 _aБиблиогр. в конце ст.
606 1 _aМенеджмент
_jСъезды, совещания и т.п
_yРоссийская Федерация
_92081414
_3RU\NLR\AUTH\661257394
607 _aРоссийская Федерация
_jСъезды, совещания и т.п
_xНародное хозяйство
_92106777
_3RU\NLR\AUTH\661273591
686 1 _aУ21(2)9(2Р)я431
686 1 _aУ03(2Р)74я431
702 1 _aБармута
_bК. А.
_gКаринэ Александровна
_4340
711 1 2 _a"Проблемы и тенденции развития экономики и менеджмента", международная научно-практическая конференция
_eРостов-на-Дону
_f2018
_9672322
_3RU\NLR\AUTH\880506186
712 0 2 _4475
_aДонской государственный технический университет
_cРостов-на-Дону
_9425177
_3RU\NLR\AUTH\889964470
942 _cBOOK
980 _aNBR
980 _aNB